Liverpool - Strzelcy Bramek w LM (2010-2019) - Statystyki

Ogólne statystyki
  • Ten quiz został rozwiązany 75 razy
  • Średni wynik to 11 z 19
Statystyki odpowiedzi
Bramki Narodowość Zawodnik % Poprawnych
19 Egipcjanin Mohamed Salah
100%
16 Senegalczyk Sadio Mane
100%
14 Brazylijczyk Roberto Firmino
88%
2 Holender Virgil van Dijk
83%
1 Szkot Andy Robertson
74%
1 Anglik Trent Alexander-Arnold
71%
1 Anglik Jordan Henderson
68%
2 Anglik Steven Gerrard
68%
2 Gwinejczyk Naby Keita
67%
5 Brazylijczyk Philippe Coutinho
65%
3 Belg Divock Origi
62%
2 Anglik James Milner
55%
1 Chorwat Dejan Lovren
52%
4 Holender Georginio Wijnaldum
50%
2 Anglik Daniel Sturridge
45%
1 Niemiec Emre Can
36%
1 Włoch Mario Balotelli
33%
5 Anglik Alex Oxlade-Chamberlain
20%
1 Anglik Rickie Lambert
8%
Nie znaleziono quizów pasujących do podanych kryteriów
Rozkład punktacji
Procent ludzi z każdym wynikiem
Percentyl według liczby udzielonych odpowiedzi
Twoja historia wyników
Nie rozwiązałeś tego quizu